|
|
|
|
| LEADER |
01111pam a22002778a 4500 |
| 001 |
00045856 |
| 005 |
20201022151035.0 |
| 008 |
161209s2016 ||||||Chisd |
| 020 |
# |
# |
|c 268000
|a 9786045873397
|
| 041 |
0 |
# |
|a Chi
|
| 082 |
1 |
4 |
|a 495.1
|b GI108TR
|
| 245 |
1 |
0 |
|c Khương Lệ Bình (ch.b); Lỗ Giang, Lưu Sướng (b.s); Nguyễn Thị Minh Hồng (dịch)
|a Giáo trình chuẩn HSK 5
|n Tập 2
|
| 260 |
# |
# |
|a T.P. Hồ Chí Minh
|b Tổng hợp T.P. Hồ Chí Minh; Công ty TNHH Nhân Trí Việt
|c 2018
|
| 300 |
# |
# |
|a 187 tr.
|c 28 cm
|e 1 CD
|
| 500 |
# |
# |
|a 1 sách kèm đĩa, 1 sách không đĩa
|
| 653 |
# |
# |
|a Luyện thi
|
| 653 |
# |
# |
|a Ngôn ngữ
|
| 653 |
# |
# |
|a Tự học
|
| 653 |
# |
# |
|a Tiếng Hoa
|
| 700 |
1 |
# |
|a Khương, Lệ Bình
|e Chủ biên
|
| 700 |
1 |
# |
|a Lưu, Sướng
|e Biên soạn
|
| 700 |
1 |
# |
|a Lỗ, Giang
|e Biên soạn
|
| 700 |
1 |
# |
|a Nguyễn, Thị Minh Hồng
|e Dịch
|
| 852 |
# |
# |
|j KD.0027514
|j KGT.0060629
|
| 910 |
# |
# |
|d 21/10/2020
|
| 980 |
# |
# |
|a Trung tâm Học liệu Lê Vũ Hùng, Trường Đại học Đồng Tháp
|